| 000 -ლიდერი |
| ფიქსირებული სიგრძის საკონტროლო ველი |
01802nam a2200337Ia 4500 |
| 001 - საკონტროლო ნომერი |
| საკონტროლო ველი |
16535 |
| 003 - საკონტროლო ნომრის იდენტიფიკატორი |
| საკონტროლო ველი |
GE_BSU |
| 005 - ბოლო ოპერაციის თარიღი და დრო |
| საკონტროლო ველი |
20241017113925.0 |
| 008 - ფიქსირებული სიგრძის მონაცემთა ელემენტები - ზოგადი ინფორმაცია |
| ფიქსირებული სიგრძის საკონტროლო ველი |
181216s2010||||ge |||||||||||||| ||geo|| |
| 020 ## - წიგნის საერთაშორისო სტანდარტული ნომერი |
| International Standard Book Number |
9789941906442 |
| 040 ## - კატალოგიზაციის წყარო |
| Transcribing agency |
GE_BSU |
| 041 ## - ენის კოდი |
| Language code of text/sound track or separate title |
geo |
| 080 ## - უნივერსალური ათობითი კლასიფიკაციის ინდექსი |
| Universal Decimal Classification number |
616.31-089 ქ-54 |
| 100 ## - მთავარი ჩანაწერი - პიროვნების სახელი |
| Personal name |
რობუსტოვა, ტ. |
| 9 (RLIN) |
23418 |
| 245 ## - ცნობა სათაურის შესახებ |
| Title |
ქირურგიული სტომატოლოგია : |
| Remainder of title |
სახელმძღვ. სამედ. სპეც. სტუდ. / |
| Statement of responsibility, etc |
[ავტ. კოლ.: ტ. რობუსტოვა, ვ. აფანასიევი, ე. ბაზიკიანი [და სხვ.]] ; ტ.გ. რობუსტოვას რედ. |
| 250 ## - გამოცემის ცნობა |
| Edition statement |
[I-ლი გამოც.] |
| 264 ## - წარმოების, გამოცემის, დისტრიბუციის და სხვა ცნობები |
| გამოცემის, წარმოების, დისტრიბუციის... ადგილი |
თბილისი : |
| გამოცემის, წარმოების, დისტრიბუციის... სახელწოდება |
მთაწმინდელი, |
| გამოცემის, წარმოების, დისტრიბუციის... თარიღი |
2010. |
| 300 ## - ფიზიკური აღწერა |
| Extent |
535 გვ. : |
| Other physical details |
სურ. + 2 ჩართ. ფ. სურ. ; |
| Dimensions |
21სმ. |
| 490 ## - სერიის ცნობა |
| Series statement |
სამედიცინო ლიტერატურა |
| 653 ## - INDEX TERM--UNCONTROLLED |
| Uncontrolled term |
ქირურგიული სტომატოლოგია |
| 700 ## - ADDED ENTRY--PERSONAL NAME |
| Personal name |
აფანასიევი, ვლ. |
| Relator term |
ავტორი |
| 9 (RLIN) |
23419 |
| 700 ## - ADDED ENTRY--PERSONAL NAME |
| Personal name |
ბაზიკიანი, ე. |
| Relator term |
ავტორი |
| 9 (RLIN) |
23420 |
| 700 ## - ADDED ENTRY--PERSONAL NAME |
| Personal name |
ბიბერმანი, ი. |
| Relator term |
ავტორი |
| 9 (RLIN) |
23421 |
| 700 ## - ADDED ENTRY--PERSONAL NAME |
| Personal name |
გუბაიდულინა, ე. |
| Relator term |
ავტორი |
| 9 (RLIN) |
23422 |
| 700 ## - ADDED ENTRY--PERSONAL NAME |
| Personal name |
სტაროდუბცევი, ვლ. |
| Relator term |
ავტორი |
| 9 (RLIN) |
23423 |
| 700 ## - ADDED ENTRY--PERSONAL NAME |
| Personal name |
უშაკოვი, ა. |
| Relator term |
ავტორი |
| Fuller form of name |
|
| 9 (RLIN) |
23424 |
| 700 ## - ADDED ENTRY--PERSONAL NAME |
| Personal name |
რობუსტოვა, ტ.გ. |
| Relator term |
რედაქტორი |
| 9 (RLIN) |
23425 |
| 700 ## - ADDED ENTRY--PERSONAL NAME |
| Personal name |
ეფრემიძე, დავით |
| Relator term |
გამომცემელი |
| 9 (RLIN) |
16487 |
| 942 ## - ADDED ENTRY ELEMENTS (KOHA) |
| Koha item type |
წიგნი |
| Source of classification or shelving scheme |
|